<?xml version="1.0" encoding="UTF-8"?>
<record
    xmlns:xsi="http://www.w3.org/2001/XMLSchema-instance"
    xsi:schemaLocation="http://www.loc.gov/MARC21/slim http://www.loc.gov/standards/marcxml/schema/MARC21slim.xsd"
    xmlns="http://www.loc.gov/MARC21/slim">

  <leader>01292nam a2200253Ia 4500</leader>
  <controlfield tag="001">IA_Under the studied conditions, the project is acceptable in the economic evaluation with a TIR of 63% and a NPV of  5, 692,282.98, calculated whit a TREMA of 25%; the risk factors more important are the increase in raw material costs and wages of permanent employees, under this scene, the project is not profitable and has a great flexibility.</controlfield>
  <controlfield tag="002">PROYECTO PARA LA INSTALACION Y OPERACION DE UNA PL</controlfield>
  <controlfield tag="008">220117s    xx            000 0 und d</controlfield>
  <datafield tag="010" ind1=" " ind2=" ">
    <subfield code="a">184865</subfield>
  </datafield>
  <datafield tag="530" ind1=" " ind2=" ">
    <subfield code="a">Disponible en PDF</subfield>
  </datafield>
  <datafield tag="583" ind1=" " ind2=" ">
    <subfield code="a">2 ej. imp. ; 1 ej. CD</subfield>
  </datafield>
  <datafield tag="650" ind1=" " ind2="0">
    <subfield code="a">Entrepreneurship</subfield>
    <subfield code="z">Mexico</subfield>
    <subfield code="z">Puebla</subfield>
    <subfield code="9">155122</subfield>
  </datafield>
  <datafield tag="650" ind1=" " ind2="0">
    <subfield code="a">Iniciativa empresarial</subfield>
    <subfield code="z">M&#xE9;xico</subfield>
    <subfield code="z">Puebla  </subfield>
    <subfield code="9">155168</subfield>
  </datafield>
  <datafield tag="650" ind1=" " ind2=" ">
    <subfield code="a">Papayas</subfield>
    <subfield code="x">Envasado  </subfield>
    <subfield code="9">157951</subfield>
  </datafield>
  <datafield tag="650" ind1=" " ind2=" ">
    <subfield code="a">Papayas</subfield>
    <subfield code="x">Industria y comercio</subfield>
    <subfield code="x">M&#xE9;xico</subfield>
    <subfield code="x">Puebla  </subfield>
    <subfield code="9">157952</subfield>
  </datafield>
  <datafield tag="650" ind1=" " ind2=" ">
    <subfield code="a">Papayas</subfield>
    <subfield code="x">Industry and trade</subfield>
    <subfield code="x">Mexico</subfield>
    <subfield code="x">Puebla  </subfield>
    <subfield code="9">157953</subfield>
  </datafield>
  <datafield tag="650" ind1=" " ind2=" ">
    <subfield code="a">Papayas</subfield>
    <subfield code="x">Packaging  </subfield>
    <subfield code="9">157954</subfield>
  </datafield>
  <datafield tag="700" ind1=" " ind2=" ">
    <subfield code="a">Mart&#xED;nez Hidalgo, Roberto Carlos, coaut. </subfield>
    <subfield code="9">157955</subfield>
  </datafield>
  <datafield tag="700" ind1="1" ind2=" ">
    <subfield code="a">Ponce Hern&#xE1;ndez, Pedro</subfield>
    <subfield code="9">147918</subfield>
  </datafield>
  <datafield tag="700" ind1=" " ind2=" ">
    <subfield code="a">S&#xE1;nchez Moctezuma, Gabriela, asesor</subfield>
    <subfield code="9">163695</subfield>
  </datafield>
  <datafield tag="700" ind1=" " ind2=" ">
    <subfield code="a">Saucedo Veloz, Crescenciano, asesor </subfield>
    <subfield code="9">163728</subfield>
  </datafield>
  <datafield tag="942" ind1=" " ind2=" ">
    <subfield code="c">TESIS C438 2010</subfield>
  </datafield>
  <datafield tag="999" ind1=" " ind2=" ">
    <subfield code="c">184865</subfield>
    <subfield code="d">184865</subfield>
  </datafield>
</record>
